Les villes françaises et leurs spécialités artisanales - Statistiques

Statistiques générales
  • Ce quiz a été pris 493 fois
  • Le résultat moyen est 6 sur 18
Statistiques - réponses
Spécialité Ville % Correct
savon Marseille
86%
porcelaine Limoges
81%
parfum Grasse
66%
image Epinal
47%
couteaux Laguiole
45%
pipes Saint-Claude
42%
coutellerie Thiers
40%
horlogerie Besançon
37%
cristal Baccarat
27%
cristal Arques
16%
faience Gien
15%
sandales Saint-Tropez
12%
accordeon Tulle
11%
dentelle Le Puy
10%
gants Millau
10%
verrerie Biot
7%
emaux Longwy
6%
poterie Vallauris
4%
Aucun quiz correspondant
Distribution des résultats
% des personnes avec chaque résultat
Percentile par nombre de réponses
Votre historique - résultats
Vous n’avez pas pris ce quiz